LEADER 02634nam0 2200601 i 450 001 VAN00050961 005 20260311041500.596 010 $a978-35-409-0388-8 100 $a20060906d1979 |0itac50 ba 101 $aeng 102 $aUS 105 $a|||| ||||| 181 $ai$b e 182 $an 183 $anc 200 1 $aTheory of Stein spaces$fH. Grauert, R. Remmert$gtranslated by Alan Huckleberry 210 $aNew York$cSpringer$d1979 215 $aXXI, 249 p.$d25 cm 410 1$1001VAN00024107$12001 $aGrundlehren der mathematischen Wissenschaften$eA series of comprehensive texts in mathematics$1210 $aBerlin [etc.]$cSpringer$d1921-$v236 500 1$3VAN00268303$aTheorie der Steinschen raume$982732 606 $a32-XX$xSeveral complex variables and analytic spaces [MSC 2020]$3VANC024999$2MF 606 $a32E10$xStein spaces, Stein manifolds [MSC 2020]$3VANC022972$2MF 606 $a32L05$xHolomorphic bundles and generalizations [MSC 2020]$3VANC028917$2MF 606 $a32L10$xSheaves and cohomology of sections of holomorphic vector bundles, general results [MSC 2020]$3VANC026706$2MF 610 $aBoundary Element Methods$9KW:K 610 $aFactor$9KW:K 610 $aFunctions$9KW:K 610 $aMeromorphic functions$9KW:K 610 $aRiemann surfaces$9KW:K 610 $aSets$9KW:K 610 $aSheaves$9KW:K 610 $aStein spaces$9KW:K 610 $aTypes$9KW:K 610 $aVariables$9KW:K 610 $aeXist$9KW:K 620 $aUS$dNew York$3VANL000011 700 1$aGrauert$bHans$3VANV040343$011924 701 1$aRemmert$bReinhold$3VANV020648$011925 702 1$aHuckleberry$bAlan T.$3VANV089459$4730 712 $aSpringer $3VANV108073$4650 790 1$aGrauert, H.$zGrauert, Hans$3VANV258109 790 1$aRemmert, R.$zRemmert, Reinhold$3VANV258110 790 1$aHuckleberry, Alan Thomas$zHuckleberry, Alan T.$3VANV258111 790 1$aHuckleberry, Alan$zHuckleberry, Alan T.$3VANV258112 790 1$aHuckleberry, A. T.$zHuckleberry, Alan T.$3VANV258113 790 1$aHuckleberry, A.T.$zHuckleberry, Alan T.$3VANV258114 801 $aIT$bSOL$c20260313$gRICA 856 4 $u/sebina/repository/catalogazione/documenti/Grauert,Remmert - Theory of Stein Spaces.pdf$zContents 899 $aBIBLIOTECA DEL DIPARTIMENTO DI MATEMATICA E FISICA$1IT-CE0120$2VAN08 912 $aVAN00050961 950 $aBIBLIOTECA DEL DIPARTIMENTO DI MATEMATICA E FISICA$d08PREST 32-XX 1695 $e08 3004 I 20060906 996 $aTheorie der Steinschen Raume$982732 997 $aUNICAMPANIA